000 00991cam a2200301 a 4500
001 2462
005 20231211094727.0
020 _a0060534400
020 _a0060534419 (lib. bdg.)
020 _a9780439801560
040 _aDLC
_cDLC
_dDLC
_beng
050 0 0 _aPZ7.G9846
_bGe 2004
082 0 0 _a206
_222
100 1 _aGutman, Dan
245 1 4 _aThe get rich quick club /
_cDan Gutman
250 _aFirst Scholastic printing, October 2005
260 _aNew York :
_bScholastic,
_c2004
300 _a118 pages :
_c20 cm
505 _aP
520 _aSummer vacation in their small Maine town does not look too promising until twelve-year-old Gina and four of her friends make a pact to become millionaires before school starts in September.
521 _a640
_bLexile
521 _aP
_bRaz-Plus
650 1 _aMoneymaking projects
_vFiction.
650 1 _aClubs
_vFiction.
650 1 _aVacations
_vFiction.
906 _a7
_bcbc
_corignew
_d1
_eecip
_f20
_gy-gencatlg
942 _2ddc
_cBK
_n0
999 _c2462
_d2462